Statistics for Rivers in the Map of Europe

Click here to take the quiz!

General Stats

  • This quiz has been taken 1,158 times
    (300 since last reset)
  • The average score is 9 of 12

Answers on the Map

Answers color-coded by a green-red scale on the quiz's map according to % correct below.
Loading ...
 

Answer Stats

River% Correct
Danube
97%
Volga
91%
Rhine
90%
Thames
84%
Po
81%
Rhone
75%
Loire
73%
Elbe
64%
Tiber
64%
Vistula
54%
Dnieper
49%
Ebro
49%

Score Distribution

Percentile by Number Answered

Percent of People with Each Score

Your Score History

You have not taken this quiz since the last reset